Statistics for All 10k+ cities and communes in Germany on a Map

Click here to take the quiz!

General Stats

  • This quiz has been taken 860 times
  • The average score is 142 of 1599

Answers on the Map

Answers color-coded by a green-red scale on the quiz's map according to % correct below.
 

Answer Stats

StatePopulationCity, Commune etc.
% Correct
Berlin3,669,491Berlin
89%
Hamburg1,847,253Hamburg
87%
Bavaria1,484,226Munich
87%
Hesse763,380Frankfurt am Main
84%
Brandenburg57,751Frankfurt an der Oder
84%
North Rhine-Westphalia1,087,863Cologne
81%
Saxony556,780Dresden
80%
Baden-Württemberg635,911Stuttgart
79%
Bremen567,559Bremen
78%
North Rhine-Westphalia621,877Dusseldorf
78%
Saxony593,145Leipzig
78%
North Rhine-Westphalia582,760Essen
76%
Bavaria518,370Nuremberg
76%
Lower Saxony536,925Hanover
75%
North Rhine-Westphalia588,250Dortmund
74%
Schleswig-Holstein246,794Kiel
73%
North Rhine-Westphalia329,673Bonn
71%
North Rhine-Westphalia248,960Aachen
69%
Baden-Württemberg310,658Mannheim
68%
Saarland180,374Saarbrücken
68%
Brandenburg180,334Potsdam
65%
Baden-Württemberg231,195Freiburg im Breisgau
64%
Schleswig-Holstein216,530Lübeck
63%
Mecklenburg-Western Pomerania209,191Rostock
63%
Bavaria296,582Augsburg
62%
North Rhine-Westphalia334,195Bielefeld
62%
Rhineland-Palatinate218,578Mainz
60%
Lower Saxony15,160Munster
59%
North Rhine-Westphalia315,293Münster
59%
Hesse14,689Münster (Hessen)
59%
Bremen113,643Bremerhaven
58%
Saxony-Anhalt237,565Magdeburg
58%
Baden-Württemberg126,790Ulm
58%
Schleswig-Holstein21,852Heide
56%
North Rhine-Westphalia498,686Duisburg
55%
Thuringia213,981Erfurt
55%
Baden-Württemberg312,060Karlsruhe
55%
Lower Saxony124,371Wolfsburg
55%
Saxony246,334Chemnitz
53%
North Rhine-Westphalia355,100Wuppertal
53%
Brandenburg72,184Brandenburg an der Havel
52%
Lower Saxony249,406Braunschweig
52%
Baden-Württemberg161,485Heidelberg
52%
Thuringia111,343Jena
52%
Hesse202,137Kassel
51%
Lower Saxony169,077Oldenburg
51%
Bavaria10,988Regen
51%
North Rhine-Westphalia365,587Bochum
50%
Saxony-Anhalt238,762Halle
50%
North Rhine-Westphalia21,577Halle (Westf.)
50%
North Rhine-Westphalia261,034Mönchengladbach
50%
Bavaria153,094Regensburg
50%
Rhineland-Palatinate111,528Trier
50%
Hesse159,878Darmstadt
49%
Schleswig-Holstein90,164Flensburg
48%
North Rhine-Westphalia259,645Gelsenkirchen
48%
Bavaria137,392Ingolstadt
48%
North Rhine-Westphalia163,729Leverkusen
48%
Mecklenburg-Western Pomerania95,653Schwerin
48%
Hesse278,474Wiesbaden
48%
Rhineland-Palatinate114,052Koblenz
47%
Brandenburg99,678Cottbus
46%
Hesse15,166Ober-Ramstadt
46%
Bavaria127,934Würzburg
46%
Baden-Württemberg84,911Konstanz
45%
Baden-Württemberg55,185Baden-Baden
44%
Rhineland-Palatinate100,030Kaiserslautern
44%
Baden-Württemberg10,028Königsbach-Stein
44%
Lower Saxony165,251Osnabrück
44%
Hesse10,568Fürth
42%
Bavaria128,497Fürth
42%
North Rhine-Westphalia151,633Paderborn
42%
Bavaria52,803Passau
41%
Lower Saxony118,911Göttingen
40%
Rhineland-Palatinate172,253Ludwigshafen am Rhein
40%
Thuringia65,228Weimar
40%
North Rhine-Westphalia179,916Hamm
38%
Bavaria45,825Hof
38%
Rhineland-Palatinate83,542Worms
38%
Bavaria77,373Bamberg
37%
Bavaria74,783Bayreuth
37%
Thuringia93,125Gera
37%
Bavaria112,528Erlangen
36%
Saxony88,690Zwickau
36%
North Rhine-Westphalia188,686Hagen
35%
Lower Saxony13,475Hagen am Teutoburger Wald
35%
Lower Saxony10,947Hagen im Bremischen
35%
North Rhine-Westphalia227,417Krefeld
35%
North Rhine-Westphalia210,764Oberhausen
35%
Hesse130,280Offenbach am Main
35%
Lower Saxony76,089Wilhelmshaven
35%
North Rhine-Westphalia96,459Witten
35%
Baden-Württemberg126,592Heilbronn
34%
Hesse68,635Fulda
33%
Lower Saxony75,711Lüneburg
33%
Baden-Württemberg125,957Pforzheim
33%
Baden-Württemberg91,506Tübingen
33%
North Rhine-Westphalia111,846Bergisch Gladbach
32%
Hesse96,492Hanau
32%
Bavaria13,259Neustadt a.d. Aisch
32%
Bavaria14,604Neustadt a.d. Donau
32%
Lower Saxony44,386Neustadt am Rübenberge
32%
Rhineland-Palatinate53,264Neustadt an der Weinstraße
32%
Bavaria15,173Neustadt b. Coburg
32%
Schleswig-Holstein15,043Neustadt in Holstein
32%
Saxony12,097Neustadt in Sachsen
32%
Lower Saxony48,164Cuxhaven
31%
Saxony55,980Görlitz
31%
Lower Saxony101,693Hildesheim
31%
North Rhine-Westphalia153,896Neuss
31%
Bavaria71,002Aschaffenburg
30%
Hesse89,802Gießen
30%
Hesse77,129Marburg
30%
Bavaria58,978Neu-Ulm
30%
Baden-Württemberg50,897Ravensburg
30%
Baden-Württemberg115,865Reutlingen
30%
Bavaria63,551Rosenheim
30%
North Rhine-Westphalia102,770Siegen
30%
North Rhine-Westphalia159,245Solingen
30%
Mecklenburg-Western Pomerania59,418Stralsund
30%
North Rhine-Westphalia117,565Bottrop
29%
Saxony-Anhalt22,406Burg
29%
Bavaria47,721Dachau
29%
Lower Saxony49,913Emden
29%
Bavaria27,215Garmisch-Partenkirchen
29%
Baden-Württemberg93,584Ludwigsburg
29%
Mecklenburg-Western Pomerania63,761Neubrandenburg
29%
Bavaria41,072Coburg
28%
Saxony-Anhalt80,103Dessau-Roßlau
28%
Mecklenburg-Western Pomerania59,232Greifswald
28%
North Rhine-Westphalia170,632Mülheim an der Ruhr
28%
Rhineland-Palatinate11,215Mülheim-Kärlich
28%
Lower Saxony104,291Salzgitter
28%
Lower Saxony69,540Celle
27%
Baden-Württemberg61,283Friedrichshafen
27%
North Rhine-Westphalia156,449Herne
27%
North Rhine-Westphalia111,397Recklinghausen
27%
Baden-Württemberg85,707Villingen-Schwenningen
27%
Saxony-Anhalt45,752Wittenberg
27%
North Rhine-Westphalia100,861Gütersloh
26%
Bavaria73,411Landshut
26%
Schleswig-Holstein25,416Schleswig
26%
Bavaria53,426Schweinfurt
26%
Mecklenburg-Western Pomerania42,963Wismar
26%
Baden-Württemberg68,393Aalen
25%
North Rhine-Westphalia52,503Ahlen
25%
North Rhine-Westphalia91,216Düren
25%
North Rhine-Westphalia103,902Moers
25%
Schleswig-Holstein80,196Neumünster
25%
Mecklenburg-Western Pomerania13,478Bergen auf Rügen
24%
Thuringia45,419Gotha
24%
Bavaria44,100Memmingen
24%
North Rhine-Westphalia81,716Minden
24%
Baden-Württemberg59,967Offenburg
24%
North Rhine-Westphalia111,338Remscheid
24%
Saarland34,522Saarlouis
24%
Lower Saxony13,430Bergen
23%
Lower Saxony50,554Goslar
23%
Saarland41,875Homburg
23%
North Rhine-Westphalia92,174Iserlohn
23%
Bavaria69,151Kempten (Allgäu)
23%
Brandenburg37,639Königs Wusterhausen
23%
Rhineland-Palatinate50,561Speyer
23%
Thuringia42,250Eisenach
22%
Baden-Württemberg94,145Esslingen am Neckar
22%
North Rhine-Westphalia52,388Kleve
22%
Bavaria25,512Lindau
22%
Bavaria25,238Roth
22%
Saxony38,425Bautzen
21%
Lower Saxony30,847Geestland
21%
Hesse38,229Langen
21%
Bavaria41,798Ansbach
20%
Saxony-Anhalt38,159Bitterfeld-Wolfen
20%
Lower Saxony57,434Hameln
20%
Lower Saxony34,786Leer
20%
Lower Saxony35,313Meppen
20%
Brandenburg44,862Oranienburg
20%
Bavaria14,128Stein
20%
Schleswig-Holstein13,689Sylt
20%
Hesse54,227Bad Homburg vor der Höhe
19%
Bavaria33,721Deggendorf
19%
Lower Saxony77,559Delmenhorst
19%
North Rhine-Westphalia74,254Detmold
19%
Baden-Württemberg49,573Heidenheim an der Brenz
19%
Schleswig-Holstein23,189Husum
19%
Hesse35,514Limburg an der Lahn
19%
North Rhine-Westphalia67,952Lippstadt
19%
Baden-Württemberg49,291Lörrach
19%
North Rhine-Westphalia84,067Marl
19%
Saxony64,597Plauen
19%
North Rhine-Westphalia87,520Ratingen
19%
Lower Saxony47,703Stade
19%
North Rhine-Westphalia58,936Unna
19%
Hesse10,593Wald-Michelbach
19%
North Rhine-Westphalia60,230Wesel
19%
Lower Saxony40,193Buxtehude
18%
Bavaria36,437Erding
18%
Saxony40,657Freiberg
18%
Baden-Württemberg15,924Freiberg am Neckar
18%
North Rhine-Westphalia66,638Herford
18%
Bavaria13,562Landau a.d. Isar
18%
Rhineland-Palatinate46,881Landau in der Pfalz
18%
Lower Saxony54,708Lingen
18%
North Rhine-Westphalia86,348Lünen
18%
Lower Saxony24,873Norden
18%
Schleswig-Holstein79,357Norderstedt
18%
North Rhine-Westphalia76,218Rheine
18%
Bavaria11,391Rothenburg ob der Tauber
18%
Baden-Württemberg43,843Rottenburg am Neckar
18%
Saxony20,353Aue-Bad Schlema
17%
Lower Saxony42,040Aurich
17%
Rhineland-Palatinate25,899Bingen am Rhein
17%
North Rhine-Westphalia71,113Bocholt
17%
Baden-Württemberg57,813Göppingen
17%
Thuringia41,726Nordhausen
17%
Hesse65,881Rüsselsheim am Main
17%
Baden-Württemberg35,399Sinsheim
17%
Saxony-Anhalt39,103Stendal
17%
Bavaria47,791Straubing
17%
North Rhine-Westphalia36,017Voerde
17%
Hesse52,955Wetzlar
17%
Lower Saxony52,165Wolfenbüttel
17%
Rhineland-Palatinate34,193Zweibrücken
17%
Rhineland-Palatinate15,047Bitburg
16%
Baden-Württemberg50,161Böblingen
16%
Bavaria49,126Freising
16%
North Rhine-Westphalia37,753Greven
16%
Schleswig-Holstein31,803Itzehoe
16%
North Rhine-Westphalia43,023Kamen
16%
North Rhine-Westphalia72,313Lüdenscheid
16%
Saxony28,282Meißen
16%
Baden-Württemberg64,905Sindelfingen
16%
North Rhine-Westphalia47,514Soest
16%
North Rhine-Westphalia77,102Viersen
16%
Mecklenburg-Western Pomerania21,057Waren (Müritz)
16%
Baden-Württemberg30,150Weil am Rhein
16%
Baden-Württemberg19,220Weil der Stadt
16%
Baden-Württemberg10,059Weil im Schönbuch
16%
North Rhine-Westphalia21,607Xanten
16%
Bavaria42,207Amberg
15%
Rhineland-Palatinate51,170Bad Kreuznach
15%
Lower Saxony35,451Cloppenburg
15%
North Rhine-Westphalia58,381Euskirchen
15%
North Rhine-Westphalia50,952Gummersbach
15%
Bavaria29,793Neuburg an der Donau
15%
North Rhine-Westphalia13,165Neunkirchen
15%
Saarland46,179Neunkirchen
15%
North Rhine-Westphalia19,679Neunkirchen-Seelscheid
15%
Lower Saxony49,990Peine
15%
North Rhine-Westphalia35,631Porta Westfalica
15%
Baden-Württemberg49,918Rastatt
15%
Baden-Württemberg40,538Schwäbisch Hall
15%
Baden-Württemberg47,643Singen
15%
Lower Saxony33,536Uelzen
15%
Bavaria25,285Unterhaching
15%
Lower Saxony32,863Vechta
15%
Bavaria42,743Weiden in der Oberpfalz
15%
Thuringia31,633Altenburg
14%
Saxony19,619Annaberg-Buchholz
14%
Brandenburg40,031Bernau bei Berlin
14%
North Rhine-Westphalia73,343Castrop-Rauxel
14%
North Rhine-Westphalia64,340Dormagen
14%
Brandenburg40,699Eberswalde
14%
Brandenburg23,878Eisenhüttenstadt
14%
Bavaria15,508Füssen
14%
North Rhine-Westphalia75,610Gladbeck
14%
Baden-Württemberg36,664Kehl
14%
Saxony-Anhalt15,048Landsberg
14%
Bavaria29,228Landsberg am Lech
14%
Rhineland-Palatinate64,765Neuwied
14%
Lower Saxony53,711Nordhorn
14%
Schleswig-Holstein43,667Pinneberg
14%
Rhineland-Palatinate40,231Pirmasens
14%
Saxony-Anhalt23,798Quedlinburg
14%
Schleswig-Holstein28,896Rendsburg
14%
Hesse14,555Rotenburg a. d. Fulda
14%
Lower Saxony21,956Rotenburg (Wümme)
14%
Baden-Württemberg25,182Rottweil
14%
Baden-Württemberg61,137Schwäbisch Gmünd
14%
North Rhine-Westphalia41,554Siegburg
14%
Saxony-Anhalt13,275Südliches Anhalt
14%
North Rhine-Westphalia74,953Troisdorf
14%
North Rhine-Westphalia48,604Bad Oeynhausen
13%
Baden-Württemberg14,321Brühl
13%
North Rhine-Westphalia44,126Brühl
13%
North Rhine-Westphalia67,373Dinslaken
13%
Schleswig-Holstein49,983Elmshorn
13%
North Rhine-Westphalia63,743Grevenbroich
13%
North Rhine-Westphalia59,731Hürth
13%
North Rhine-Westphalia51,822Ibbenbüren
13%
Bavaria44,398Kaufbeuren
13%
North Rhine-Westphalia40,619Lemgo
13%
North Rhine-Westphalia38,757Mettmann
13%
Brandenburg30,785Neuruppin
13%
Bavaria23,488Starnberg
13%
Thuringia36,789Suhl
13%
North Rhine-Westphalia81,842Velbert
13%
Lower Saxony27,706Verden
13%
North Rhine-Westphalia73,456Arnsberg
12%
Rhineland-Palatinate28,468Bad Neuenahr-Ahrweiler
12%
Baden-Württemberg33,265Biberach an der Riß
12%
North Rhine-Westphalia42,629Borken
12%
Hesse12,610Borken (Hessen)
12%
Bavaria16,990Cham
12%
North Rhine-Westphalia74,704Dorsten
12%
Schleswig-Holstein21,728Eckernförde
12%
North Rhine-Westphalia50,010Erftstadt
12%
North Rhine-Westphalia56,482Eschweiler
12%
Rhineland-Palatinate48,762Frankenthal
12%
Bavaria37,004Fürstenfeldbruck
12%
Mecklenburg-Western Pomerania29,083Güstrow
12%
North Rhine-Westphalia42,236Heinsberg
12%
North Rhine-Westphalia28,808Höxter
12%
North Rhine-Westphalia32,653Jülich
12%
Lower Saxony54,652Langenhagen
12%
Hesse13,795Lich
12%
Mecklenburg-Western Pomerania11,950Ludwigslust
12%
Bavaria40,277Neumarkt in der Oberpfalz
12%
Lower Saxony31,448Nienburg
12%
Lower Saxony37,766Papenburg
12%
Mecklenburg-Western Pomerania17,773Parchim
12%
Saxony38,422Pirna
12%
North Rhine-Westphalia25,318Verl
12%
Saxony-Anhalt32,534Wernigerode
12%
Bavaria19,155Bad Tölz
11%
North Rhine-Westphalia61,601Bergheim
11%
North Rhine-Westphalia48,740Bergkamen
11%
Lower Saxony39,729Buchholz in der Nordheide
11%
Baden-Württemberg23,578Calw
11%
North Rhine-Westphalia36,257Coesfeld
11%
Bavaria19,590Donauwörth
11%
North Rhine-Westphalia52,439Frechen
11%
Lower Saxony61,032Garbsen
11%
Lower Saxony42,837Gifhorn
11%
North Rhine-Westphalia48,321Gronau
11%
Lower Saxony10,736Gronau (Leine)
11%
Saxony-Anhalt40,329Halberstadt
11%
North Rhine-Westphalia54,438Hattingen
11%
Lower Saxony25,712Helmstedt
11%
North Rhine-Westphalia55,625Hilden
11%
Saxony32,405Hoyerswerda
11%
Rhineland-Palatinate28,520Idar-Oberstein
11%
North Rhine-Westphalia66,702Kerpen
11%
North Rhine-Westphalia41,277Königswinter
11%
Bavaria25,866Kulmbach
11%
Schleswig-Holstein11,402Lauenburg
11%
Saarland29,795Merzig
11%
Thuringia36,090Mühlhausen
11%
Hesse28,652Mühlheim am Main
11%
Mecklenburg-Western Pomerania20,128Neustrelitz
11%
North Rhine-Westphalia48,644Rheda-Wiedenbrück
11%
North Rhine-Westphalia55,847Sankt Augustin
11%
Bavaria40,981Schwabach
11%
Brandenburg29,680Schwedt
11%
North Rhine-Westphalia46,195Schwerte
11%
Lower Saxony21,268Soltau
11%
North Rhine-Westphalia34,325Steinfurt
11%
Saxony11,300Stollberg
11%
Bavaria19,410Sulzbach-Rosenberg
11%
Baden-Württemberg36,102Tuttlingen
11%
Baden-Württemberg55,604Waiblingen
11%
North Rhine-Westphalia37,157Warendorf
11%
Brandenburg26,412Werder
11%
Saxony25,086Zittau
11%
Lower Saxony31,923Achim
10%
Bavaria22,443Bad Kissingen
10%
North Rhine-Westphalia54,254Bad Salzuflen
10%
Baden-Württemberg43,227Bietigheim-Bissingen
10%
Baden-Württemberg34,536Crailsheim
10%
Bavaria13,377Eichstätt
10%
North Rhine-Westphalia30,961Emmerich am Rhein
10%
Bavaria29,979Friedberg
10%
Hesse29,401Friedberg
10%
Brandenburg31,965Fürstenwalde
10%
Bavaria21,028Günzburg
10%
Thuringia38,891Ilmenau
10%
Lower Saxony14,413Jever
10%
North Rhine-Westphalia59,178Langenfeld
10%
North Rhine-Westphalia39,915Löhne
10%
Lower Saxony26,935Lohne
10%
Thuringia24,796Meiningen
10%
Saxony-Anhalt33,873Merseburg
10%
Saxony-Anhalt32,155Naumburg
10%
Bavaria20,546Nördlingen
10%
Lower Saxony29,098Northeim
10%
North Rhine-Westphalia24,551Olpe
10%
Brandenburg18,970Prenzlau
10%
Saxony29,754Riesa
10%
Thuringia29,278Saalfeld
10%
Baden-Württemberg15,242Sandhausen
10%
Baden-Württemberg17,125Sigmaringen
10%
North Rhine-Westphalia56,466Stolberg
10%
Saarland25,809St. Wendel
10%
Baden-Württemberg12,394Sulz am Neckar
10%
Brandenburg26,902Teltow
10%
Bavaria20,599Traunstein
10%
Baden-Württemberg45,425Weinheim
10%
Brandenburg16,925Wittenberge
10%
Hesse29,944Bad Hersfeld
9%
Baden-Württemberg34,332Balingen
9%
North Rhine-Westphalia25,451Brilon
9%
Baden-Württemberg44,776Bruchsal
9%
Bavaria18,713Burghausen
9%
Saarland19,885Dillingen
9%
Bavaria19,149Dillingen a.d. Donau
9%
Baden-Württemberg22,118Donaueschingen
9%
Baden-Württemberg27,977Emmendingen
9%
North Rhine-Westphalia43,206Erkelenz
9%
Brandenburg43,994Falkensee
9%
Schleswig-Holstein12,638Fehmarn
9%
Saxony39,703Freital
9%
Baden-Württemberg23,635Freudenstadt
9%
Bavaria40,399Germering
9%
Saxony28,173Grimma
9%
Hesse25,559Groß-Gerau
9%
North Rhine-Westphalia37,850Haltern am See
9%
Lower Saxony23,609Hann. Münden
9%
Hesse26,097Heppenheim
9%
North Rhine-Westphalia37,596Kamp-Lintfort
9%
Bavaria12,811Kirchheim b. München
9%
Baden-Württemberg40,783Kirchheim unter Teck
9%
Baden-Württemberg47,201Lahr
9%
Bavaria26,483Lauf an der Pegnitz
9%
Baden-Württemberg48,848Leonberg
9%
North Rhine-Westphalia56,415Meerbusch
9%
Lower Saxony46,588Melle
9%
North Rhine-Westphalia52,608Menden
9%
North Rhine-Westphalia40,948Monheim am Rhein
9%
Baden-Württemberg26,528Neckarsulm
9%
North Rhine-Westphalia27,187Neukirchen-Vluyn
9%
Baden-Württemberg41,223Nürtingen
9%
North Rhine-Westphalia31,421Oer-Erkenschwick
9%
Lower Saxony30,256Osterholz-Scharmbeck
9%
Bavaria26,124Pfaffenhofen an der Ilm
9%
North Rhine-Westphalia54,194Pulheim
9%
Saxony-Anhalt23,453Salzwedel
9%
Saarland39,517Völklingen
9%
North Rhine-Westphalia30,767Werl
9%
North Rhine-Westphalia50,391Willich
9%
Baden-Württemberg28,240Winnenden
9%
Lower Saxony35,227Winsen
9%
Lower Saxony13,270Winsen (Aller)
9%
North Rhine-Westphalia38,756Würselen
9%
North Rhine-Westphalia39,381Ahaus
8%
Schleswig-Holstein33,728Ahrensburg
8%
Baden-Württemberg45,465Albstadt
8%
Rhineland-Palatinate29,922Andernach
8%
Mecklenburg-Western Pomerania12,331Anklam
8%
Saxony-Anhalt27,012Aschersleben
8%
Schleswig-Holstein24,690Bad Oldesloe
8%
Bavaria18,443Bad Reichenhall
8%
Schleswig-Holstein17,381Bad Segeberg
8%
Lower Saxony28,896Bad Zwischenahn
8%
Hesse27,755Baunatal
8%
Baden-Württemberg17,772Buchen (Odenwald)
8%
Baden-Württemberg28,864Bühl
8%
Lower Saxony16,974Diepholz
8%
Bavaria19,985Dingolfing
8%
North Rhine-Westphalia30,142Ennepetal
8%
North Rhine-Westphalia27,470Geilenkirchen
8%
North Rhine-Westphalia33,730Geldern
8%
Schleswig-Holstein10,931Glückstadt
8%
North Rhine-Westphalia34,205Goch
8%
North Rhine-Westphalia47,290Hennef
8%
Baden-Württemberg21,700Hockenheim
8%
Rhineland-Palatinate35,193Ingelheim am Rhein
8%
North Rhine-Westphalia34,514Kempen
8%
Saxony-Anhalt25,641Köthen
8%
Lower Saxony41,606Laatzen
8%
Lower Saxony44,030Lehrte
8%
North Rhine-Westphalia25,541Lübbecke
8%
Hesse34,891Mörfelden-Walldorf
8%
Bavaria20,779Mühldorf a. Inn
8%
North Rhine-Westphalia30,854Rheinberg
8%
Brandenburg16,270Schönefeld
8%
Bavaria29,130Schwandorf
8%
Saarland35,427St. Ingbert
8%
Brandenburg26,853Strausberg
8%
Baden-Württemberg26,917Wangen im Allgäu
8%
North Rhine-Westphalia27,392Wetter
8%
Lower Saxony30,816Weyhe
8%
North Rhine-Westphalia12,638Winterberg
8%
Lower Saxony20,313Wittmund
8%
Mecklenburg-Western Pomerania11,879Wolgast
8%
North Rhine-Westphalia47,149Alsdorf
7%
Thuringia27,314Arnstadt
7%
North Rhine-Westphalia25,812Bad Honnef
7%
Schleswig-Holstein20,044Bad Schwartau
7%
North Rhine-Westphalia36,815Beckum
7%
Saxony-Anhalt32,573Bernburg
7%
Schleswig-Holstein12,380Brunsbüttel
7%
North Rhine-Westphalia45,187Bünde
7%
Lower Saxony30,727Burgdorf
7%
North Rhine-Westphalia34,596Datteln
7%
North Rhine-Westphalia46,657Dülmen
7%
Saxony-Anhalt23,003Eisleben
7%
North Rhine-Westphalia36,029Emsdetten
7%
Baden-Württemberg46,083Filderstadt
7%
Bavaria32,260Forchheim
7%
Bavaria17,760Garching b. München
7%
Thuringia20,392Greiz
7%
North Rhine-Westphalia30,406Haan
7%
North Rhine-Westphalia61,821Herten
7%
Bavaria23,373Herzogenaurach
7%
North Rhine-Westphalia46,375Herzogenrath
7%
Hesse39,647Hofheim am Taunus
7%
Lower Saxony19,841Holzminden
7%
North Rhine-Westphalia43,493Kaarst
7%
Schleswig-Holstein22,109Kaltenkirchen
7%
North Rhine-Westphalia28,087Kevelaer
7%
Bavaria21,940Kitzingen
7%
Bavaria16,815Kronach
7%
North Rhine-Westphalia34,858Lage
7%
Baden-Württemberg40,165Leinfelden-Echterdingen
7%
Hesse13,091Linden
7%
Brandenburg14,022Lübben (Spreewald)
7%
Hesse39,553Maintal
7%
Rhineland-Palatinate19,162Mayen
7%
Bavaria11,471Miesbach
7%
Rhineland-Palatinate13,998Montabaur
7%
North Rhine-Westphalia42,496Nettetal
7%
Baden-Württemberg12,273Neuenburg am Rhein
7%
Lower Saxony26,139Nordenham
7%
Bavaria13,745Oberhaching
7%
Lower Saxony13,442Quakenbrück
7%
Saxony33,894Radebeul
7%
Baden-Württemberg31,496Radolfzell am Bodensee
7%
Lower Saxony25,424Rinteln
7%
Saxony-Anhalt25,963Sangerhausen
7%
Thuringia19,647Schmalkalden
7%
Bavaria22,529Senden
7%
North Rhine-Westphalia20,409Senden
7%
Thuringia23,516Sonneberg
7%
Lower Saxony33,611Stuhr
7%
Saarland16,334Sulzbach
7%
Baden-Württemberg22,475Überlingen
7%
Lower Saxony24,017Varel
7%
Baden-Württemberg24,202Waldshut-Tiengen
7%
Lower Saxony30,081Walsrode
7%
North Rhine-Westphalia24,643Warstein
7%
Schleswig-Holstein33,708Wedel
7%
North Rhine-Westphalia10,786Weeze
7%
Baden-Württemberg10,326Weilheim an der Teck
7%
Bavaria22,571Weilheim i. OB
7%
Bavaria18,645Weißenburg i. Bay.
7%
Saxony-Anhalt40,192Weißenfels
7%
North Rhine-Westphalia29,717Werne
7%
Baden-Württemberg26,799Wiesloch
7%
Rhineland-Palatinate19,069Wittlich
7%
Lower Saxony41,477Wunstorf
7%
Saxony-Anhalt27,601Zeitz
7%
Bavaria21,470Aichach
6%
Bavaria13,001Altötting
6%
Bavaria18,505Alzenau
6%
Rhineland-Palatinate18,627Alzey
6%
Baden-Württemberg37,348Backnang
6%
Baden-Württemberg23,883Bad Mergentheim
6%
Lower Saxony19,130Bad Pyrmont
6%
Hesse40,756Bensheim
6%
Rhineland-Palatinate15,413Boppard
6%
North Rhine-Westphalia48,321Bornheim
6%
Lower Saxony14,860Brake (Unterweser)
6%
Lower Saxony31,141Bramsche
6%
Hesse42,102Dreieich
6%
Bavaria12,193Ebersberg
6%
Lower Saxony30,689Einbeck
6%
North Rhine-Westphalia43,992Erkrath
6%
Baden-Württemberg39,373Ettlingen
6%
Schleswig-Holstein17,013Eutin
6%
Baden-Württemberg45,669Fellbach
6%
Bavaria14,050Feucht
6%
Brandenburg17,902Forst (Lausitz)
6%
Lower Saxony31,360Ganderkesee
6%
Schleswig-Holstein30,688Geesthacht
6%
Rhineland-Palatinate20,798Germersheim
6%
Baden-Württemberg12,185Graben-Neudorf
6%
North Rhine-Westphalia26,858Hamminkeln
6%
Thuringia11,831Hildburghausen
6%
Brandenburg26,283Hohen Neuendorf
6%
Hesse14,001Homberg (Efze)
6%
Bavaria17,482Illertissen
6%
Bavaria16,842Kelheim
6%
Baden-Württemberg27,044Leimen
6%
Bavaria20,142Lichtenfels
6%
North Rhine-Westphalia14,095Lotte
6%
Brandenburg15,977Lübbenau
6%
Brandenburg20,582Luckenwalde
6%
Brandenburg26,800Ludwigsfelde
6%
North Rhine-Westphalia29,786Meschede
6%
Schleswig-Holstein19,131Mölln
6%
North Rhine-Westphalia11,693Monschau
6%
Brandenburg18,182Nauen
6%
Hesse38,105Neu-Isenburg
6%
North Rhine-Westphalia38,667Niederkassel
6%
Hesse46,545Oberursel
6%
North Rhine-Westphalia29,238Oelde
6%
Bavaria27,985Olching
6%
Baden-Württemberg39,312Ostfildern
6%
North Rhine-Westphalia27,100Overath
6%
Mecklenburg-Western Pomerania10,047Pasewalk
6%
Schleswig-Holstein21,331Quickborn
6%
Saxony18,565Radeberg
6%
Brandenburg24,208Rathenow
6%
Rhineland-Palatinate17,116Remagen
6%
North Rhine-Westphalia26,986Rheinbach
6%
Baden-Württemberg33,083Rheinfelden
6%
Mecklenburg-Western Pomerania15,235Ribnitz-Damgarten
6%
Thuringia24,943Rudolstadt
6%
Saxony-Anhalt30,532Schönebeck
6%
Baden-Württemberg39,775Schorndorf
6%
Lower Saxony41,591Seevetal
6%
North Rhine-Westphalia25,925Selm
6%
Lower Saxony24,295Syke
6%
Baden-Württemberg13,172Tauberbischofsheim
6%
Bavaria28,950Unterschleißheim
6%
Baden-Württemberg29,547Vaihingen an der Enz
6%
Baden-Württemberg15,420Walldorf
6%
North Rhine-Westphalia23,076Warburg
6%
Baden-Württemberg25,155Weingarten
6%
Baden-Württemberg10,422Weingarten (Baden)
6%
North Rhine-Westphalia36,347Wesseling
6%
Bavaria19,033Wolfratshausen
6%
Baden-Württemberg25,642Achern
5%
Hesse16,037Alsfeld
5%
Bavaria11,178Altdorf
5%
Bavaria15,276Altdorf b. Nürnberg
5%
Thuringia22,184Apolda
5%
Lower Saxony15,609Bad Bentheim
5%
Mecklenburg-Western Pomerania12,642Bad Doberan
5%
Rhineland-Palatinate18,575Bad Dürkheim
5%
Lower Saxony21,926Bad Harzburg
5%
Hesse32,447Bad Nauheim
5%
Hesse34,216Bad Vilbel
5%
Lower Saxony34,187Barsinghausen
5%
Saxony10,938Bischofswerda
5%
Lower Saxony18,582Bremervörde
5%
Baden-Württemberg29,566Bretten
5%
Hesse26,432Butzbach
5%
Hesse15,566Dieburg
5%
Bavaria11,836Dinkelsbühl
5%
Baden-Württemberg26,293Ehingen
5%
Baden-Württemberg24,549Ellwangen (Jagst)
5%
Hesse21,609Eschborn
5%
Hesse19,412Eschwege
5%
Brandenburg16,068Finsterwalde
5%
Saxony13,940Frankenberg
5%
Hesse17,689Frankenberg (Eder)
5%
Lower Saxony22,368Friesoythe
5%
Baden-Württemberg29,884Gaggenau
5%
Baden-Württemberg28,328Geislingen an der Steige
5%
Lower Saxony31,756Georgsmarienhütte
5%
North Rhine-Westphalia30,701Gevelsberg
5%
Hesse27,473Griesheim
5%
Brandenburg16,783Guben
5%
Thuringia17,129Heilbad Heiligenstadt
5%
North Rhine-Westphalia34,062Hemer
5%
Schleswig-Holstein28,104Henstedt-Ulzburg
5%
Baden-Württemberg31,738Herrenberg
5%
Hesse10,199Höchst i. Odw.
5%
Baden-Württemberg25,082Horb am Neckar
5%
North Rhine-Westphalia40,245Hückelhoven
5%
Lower Saxony16,111Hude (Oldenburg)
5%
Bavaria17,376Ismaning
5%
Baden-Württemberg14,191Isny im Allgäu
5%
Bavaria14,983Karlstadt
5%
Bavaria28,059Königsbrunn
5%
Baden-Württemberg10,770Korb
5%
Baden-Württemberg33,825Kornwestheim
5%
North Rhine-Westphalia33,251Korschenbroich
5%
Bavaria12,180Murnau a. Staffelsee
5%
Saxony-Anhalt19,483Oschersleben (Bode)
5%
Lower Saxony21,563Osterode am Harz
5%
North Rhine-Westphalia25,119Petershagen
5%
Brandenburg15,327Petershagen
5%
Hesse25,096Pfungstadt
5%
Saxony-Anhalt10,480Querfurt
5%
Lower Saxony22,704Rastede
5%
Schleswig-Holstein27,950Reinbek
5%
Hesse45,719Rodgau
5%
North Rhine-Westphalia28,631Rösrath
5%
North Rhine-Westphalia26,872Schloß Holte-Stukenbrock
5%
North Rhine-Westphalia28,537Schwelm
5%
Lower Saxony34,401Seelze
5%
Bavaria14,895Selb
5%
Thuringia18,947Sömmerda
5%
Thuringia21,290Sondershausen
5%
Bavaria21,619Sonthofen
5%
Brandenburg21,998Spremberg
5%
Lower Saxony29,013Springe
5%
Lower Saxony22,262Stadthagen
5%
Hesse30,050Taunusstein
5%
Brandenburg15,728Templin
5%
Saxony-Anhalt17,247Thale
5%
Baden-Württemberg12,197Titisee-Neustadt
5%
North Rhine-Westphalia29,336Tönisvorst
5%
Saxony19,883Torgau
5%
Bavaria24,404Vaterstetten
5%
North Rhine-Westphalia18,380Vlotho
5%
North Rhine-Westphalia29,328Waltrop
5%
Bavaria12,796Wasserburg a. Inn
5%
Baden-Württemberg27,082Weinstadt
5%
Saxony15,886Weißwasser
5%
Hesse26,052Weiterstadt
5%
North Rhine-Westphalia34,719Wermelskirchen
5%
Baden-Württemberg22,832Wertheim
5%
Lower Saxony22,952Westerstede
5%
Lower Saxony20,129Wildeshausen
5%
Rhineland-Palatinate18,120Wörth am Rhein
5%
Bavaria25,588Zirndorf
5%
Lower Saxony18,535Alfeld (Leine)
4%
North Rhine-Westphalia12,479Alpen
4%
North Rhine-Westphalia16,718Altena
4%
Brandenburg13,757Angermünde
4%
North Rhine-Westphalia24,264Attendorn
4%
Saxony18,237Auerbach
4%
North Rhine-Westphalia16,237Bad Lippspringe
4%
Bavaria15,358Bad Neustadt a.d. Saale
4%
Thuringia23,455Bad Salzungen
4%
Hesse22,855Bad Soden am Taunus
4%
Hesse13,439Bad Soden-Salmünster
4%
Hesse17,264Bad Wildungen
4%
Lower Saxony15,964Bassum
4%
Hesse13,934Bebra
4%
North Rhine-Westphalia23,658Bedburg
4%
Saxony-Anhalt19,703Blankenburg (Harz)
4%
Brandenburg27,939Blankenfelde-Mahlow
4%
Saxony19,118Borna
4%
North Rhine-Westphalia21,515Büren
4%
Lower Saxony15,727Clausthal-Zellerfeld
4%
North Rhine-Westphalia31,989Delbrück
4%
Hesse34,298Dietzenbach
4%
Rhineland-Palatinate11,084Diez
4%
Hesse23,209Dillenburg
4%
Baden-Württemberg24,870Ditzingen
4%
Saxony23,583Döbeln
4%
Bavaria14,697Dorfen
4%
North Rhine-Westphalia20,490Enger
4%
Bavaria12,479Feuchtwangen
4%
Bavaria17,147Freilassing
4%
Hesse25,234Friedrichsdorf
4%
Hesse14,733Fritzlar
4%
Saxony-Anhalt22,251Gardelegen
4%
Hesse23,202Gelnhausen
4%
Bavaria25,438Geretsried
4%
Saxony22,233Glauchau
4%
Lower Saxony16,027Großenkneten
4%
Bavaria16,616Gunzenhausen
4%
Bavaria21,476Haar
4%
Mecklenburg-Western Pomerania12,175Hagenow
4%
Saxony-Anhalt19,143Haldensleben
4%
Schleswig-Holstein11,110Handewitt
4%
Lower Saxony23,881Haren (Ems)
4%
Lower Saxony14,154Hatten
4%
Baden-Württemberg19,259Hechingen
4%
North Rhine-Westphalia26,345Heiligenhaus
4%
Brandenburg26,345Hennigsdorf
4%
Hesse12,431Hessisch Lichtenau
4%
Lower Saxony18,112Hessisch Oldendorf
4%
North Rhine-Westphalia17,076Holzwickede
4%
North Rhine-Westphalia17,263Horn-Bad Meinberg
4%
Hesse24,997Idstein
4%
Brandenburg12,372Jüterbog
4%
North Rhine-Westphalia13,884Kalkar
4%
Saxony16,914Kamenz
4%
Baden-Württemberg15,810Karlsbad
4%
Hesse29,075Kelkheim
4%
Hesse16,722Königstein im Taunus
4%
Rhineland-Palatinate18,332Konz
4%
Hesse23,458Korbach
4%
North Rhine-Westphalia31,122Kreuztal
4%
Hesse18,255Kronberg im Taunus
4%
Hesse32,598Lampertheim
4%
North Rhine-Westphalia28,000Leichlingen
4%
North Rhine-Westphalia25,308Lennestadt
4%
Baden-Württemberg22,939Leutkirch im Allgäu
4%
Saxony23,895Limbach-Oberfrohna
4%
Saxony14,456Löbau
4%
North Rhine-Westphalia30,453Lohmar
4%
Schleswig-Holstein10,864Malente
4%
Baden-Württemberg15,924Marbach am Neckar
4%
Saxony16,906Marienberg
4%
Saxony24,748Markkleeberg
4%
Bavaria18,725Marktoberdorf
4%
North Rhine-Westphalia27,714Mechernich
4%
Hesse13,689Melsungen
4%
Baden-Württemberg23,497Mosbach
4%
Baden-Württemberg26,130Mühlacker
4%
North Rhine-Westphalia13,887Neuenkirchen
4%
Hesse11,849Oestrich-Winkel
4%
Brandenburg12,065Perleberg
4%
Schleswig-Holstein15,952Preetz
4%
Bavaria10,789Prien a. Chiemsee
4%
Brandenburg11,879Pritzwalk
4%
Schleswig-Holstein14,525Ratzeburg
4%
Baden-Württemberg26,539Remseck am Neckar
4%
North Rhine-Westphalia19,299Rhede
4%
Bavaria12,142Roding
4%
Rhineland-Palatinate20,412Schifferstadt
4%
Bavaria12,377Schongau
4%
Lower Saxony20,381Schortens
4%
Schleswig-Holstein16,551Schwarzenbek
4%
Baden-Württemberg21,644Schwetzingen
4%
Lower Saxony23,384Sehnde
4%
Brandenburg23,895Senftenberg
4%
Saarland12,819Spiesen-Elversberg
4%
North Rhine-Westphalia24,739Sprockhövel
4%
Hesse10,665Steinbach (Taunus)
4%
North Rhine-Westphalia19,911Telgte
4%
Brandenburg12,179Velten
4%
Hesse34,315Viernheim
4%
North Rhine-Westphalia22,670Vreden
4%
Saarland15,673Wadern
4%
Baden-Württemberg21,850Waldkirch
4%
Lower Saxony29,582Wedemark
4%
North Rhine-Westphalia28,169Wegberg
4%
Hesse15,126Witzenhausen
4%
Lower Saxony17,095Wurster Nordseeküste
4%
Thuringia12,727Zella-Mehlis
4%
Saxony-Anhalt21,470Zerbst
4%
Lower Saxony11,813Zetel
4%
Lower Saxony13,822Zeven
4%
Brandenburg19,912Zossen
4%
North Rhine-Westphalia20,332Zülpich
4%
North Rhine-Westphalia23,563Alfter
3%
North Rhine-Westphalia10,238Anröchte
3%
Lower Saxony11,692Apen
3%
Bavaria19,056Bad Aibling
3%
Hesse15,382Bad Arolsen
3%
Schleswig-Holstein14,773Bad Bramstedt
3%
North Rhine-Westphalia18,959Bad Driburg
3%
Lower Saxony11,926Bad Fallingbostel
3%
Lower Saxony10,636Bad Iburg
3%
Thuringia17,271Bad Langensalza
3%
North Rhine-Westphalia17,440Bad Münstereifel
3%
Lower Saxony11,226Bad Nenndorf
3%
Hesse10,172Bad Orb
3%
Lower Saxony13,139Bad Salzdetfurth
3%
Baden-Württemberg17,458Bad Saulgau
3%
Baden-Württemberg20,149Bad Waldsee
3%
North Rhine-Westphalia27,093Baesweiler
3%
Schleswig-Holstein16,077Bargteheide
3%
Schleswig-Holstein10,356Barmstedt
3%
Schleswig-Holstein12,824Barsbüttel
3%
Brandenburg12,652Beelitz
3%
Bavaria17,307Bobingen
3%
Bavaria10,197Bogen
3%
Mecklenburg-Western Pomerania10,730Boizenburg
3%
North Rhine-Westphalia16,137Brakel
3%
Bavaria13,273Buchloe
3%
Lower Saxony19,330Bückeburg
3%
Lower Saxony20,234Burgwedel
3%
North Rhine-Westphalia18,346Burscheid
3%
Hesse16,453Bürstadt
3%
Saxony20,739Coswig
3%
Saxony-Anhalt11,642Coswig (Anhalt)
3%
Saxony18,350Crimmitschau
3%
Lower Saxony17,241Damme
3%
Saxony24,823Delitzsch
3%
Mecklenburg-Western Pomerania10,564Demmin
3%
Lower Saxony13,095Dinklage
3%
Lower Saxony11,176Drochtersen
3%
Lower Saxony20,363Duderstadt
3%
Bavaria14,015Eching
3%
Lower Saxony22,453Edewecht
3%
Saxony15,557Eilenburg
3%
North Rhine-Westphalia21,807Elsdorf
3%
Baden-Württemberg10,738Engen
3%
Baden-Württemberg21,784Eppingen
3%
Hesse13,697Erbach
3%
Baden-Württemberg13,684Erbach
3%
Brandenburg11,856Erkner
3%
North Rhine-Westphalia24,782Espelkamp
3%
North Rhine-Westphalia11,069Extertal
3%
Hesse12,341Fuldatal
3%
Lower Saxony15,139Garrel
3%
Bavaria20,764Gauting
3%
Bavaria10,039Gemünden a. Main
3%
Saxony-Anhalt13,761Genthin
3%
North Rhine-Westphalia21,422Geseke
3%
Baden-Württemberg19,760Giengen an der Brenz
3%
Bavaria19,159Gilching
3%
Schleswig-Holstein18,466Glinde
3%
Rhineland-Palatinate10,977Grafschaft
3%
Mecklenburg-Western Pomerania10,434Grevesmühlen
3%
Rhineland-Palatinate13,504Grünstadt
3%
Bavaria11,270Grünwald
3%
Schleswig-Holstein17,944Halstenbek
3%
Schleswig-Holstein11,616Harrislee
3%
North Rhine-Westphalia25,163Harsewinkel
3%
Lower Saxony13,029Haselünne
3%
Bavaria13,501Haßfurt
3%
Rhineland-Palatinate20,234Haßloch
3%
Hesse27,674Hattersheim am Main
3%
Saxony16,540Heidenau
3%
North Rhine-Westphalia22,755Herdecke
3%
Bavaria10,711Herrsching a. Ammersee
3%
Lower Saxony12,837Herzberg am Harz
3%
North Rhine-Westphalia15,374Hille
3%
Bavaria13,551Höchstadt a.d. Aisch
3%
Hesse15,268Hofgeismar
3%
Saxony-Anhalt18,544Hohe Börde
3%
Bavaria16,640Holzkirchen
3%
North Rhine-Westphalia13,598Hünxe
3%
Saarland16,122Illingen
3%
Lower Saxony21,738Ilsede
3%
Lower Saxony24,315Isernhagen
3%
Lower Saxony12,293Jork
3%
North Rhine-Westphalia23,294Jüchen
3%
North Rhine-Westphalia11,191Kall
3%
Hesse22,436Karben
3%
Bavaria21,832Karlsfeld
3%
North Rhine-Westphalia12,548Kerken
3%
Bavaria11,621Kissing
3%
Lower Saxony15,704Königslutter am Elm
3%
Rhineland-Palatinate18,042Lahnstein
3%
Baden-Württemberg11,831Lauffen am Neckar
3%
Thuringia20,115Leinefelde-Worbis
3%
North Rhine-Westphalia22,660Lengerich
3%
Saxony-Anhalt13,908Leuna
3%
Saxony11,177Lichtenstein
3%
Lower Saxony19,485Lilienthal
3%
Bavaria11,525Lindenberg i. Allgäu
3%
North Rhine-Westphalia11,894Lippetal
3%
Bavaria15,189Lohr a. Main
3%
Hesse13,703Lorsch
3%
Lower Saxony16,311Loxstedt
3%
North Rhine-Westphalia24,822Lüdinghausen
3%
Baden-Württemberg14,656Malsch
3%
Saxony15,781Markranstädt
3%
Bavaria17,228Marktredwitz
3%
Bavaria13,818Markt Schwaben
3%
North Rhine-Westphalia24,817Meckenheim
3%
North Rhine-Westphalia20,367Meinerzhagen
3%
Baden-Württemberg22,069Metzingen
3%
Hesse16,007Michelstadt
3%
Bavaria15,137Mindelheim
3%
Bavaria18,656Moosburg a.d. Isar
3%
Rhineland-Palatinate10,447Morbach
3%
Rhineland-Palatinate12,844Mutterstadt
3%
Baden-Württemberg22,540Nagold
3%
Bavaria20,165Neufahrn b. Freising
3%
North Rhine-Westphalia19,619Nottuln
3%
Bavaria11,833Oberschleißheim
3%
North Rhine-Westphalia19,662Ochtrup
3%
North Rhine-Westphalia17,142Oerlinghausen
3%
Baden-Württemberg24,663Öhringen
3%
North Rhine-Westphalia12,923Olfen
3%
Saxony14,098Oschatz
3%
Lower Saxony11,318Ostrhauderfehn
3%
Lower Saxony15,863Oyten
3%
Lower Saxony14,542Pattensen
3%
Bavaria13,263Pegnitz
3%
Baden-Württemberg13,446Pfullendorf
3%
Bavaria13,028Plattling
3%
North Rhine-Westphalia25,237Plettenberg
3%
Baden-Württemberg14,551Plochingen
3%
North Rhine-Westphalia12,188Preußisch Oldendorf
3%
North Rhine-Westphalia21,919Radevormwald
3%
Schleswig-Holstein15,148Ratekau
3%
North Rhine-Westphalia11,376Recke
3%
North Rhine-Westphalia21,100Rees
3%
Lower Saxony18,212Rhauderfehn
3%
Baden-Württemberg11,273Rheinau
3%
North Rhine-Westphalia29,545Rietberg
3%
Hesse28,249Rödermark
3%
Lower Saxony24,393Ronnenberg
3%
Brandenburg15,812Rüdersdorf bei Berlin
3%
Lower Saxony19,391Sarstedt
3%
North Rhine-Westphalia14,193Sassenberg
3%
Lower Saxony11,894Sassenburg
3%
Schleswig-Holstein11,351Scharbeutz
3%
Schleswig-Holstein19,332Schenefeld
3%
Saxony18,312Schkeuditz
3%
North Rhine-Westphalia24,852Schmallenberg
3%
Lower Saxony11,212Schöningen
3%
Bavaria17,226Schrobenhausen
3%
Hesse18,019Schwalmstadt
3%
North Rhine-Westphalia18,969Schwalmtal
3%
Lower Saxony20,421Schwanewede
3%
Saxony16,447Schwarzenberg
3%
Schleswig-Holstein13,762Schwentinental
3%
Lower Saxony19,240Seesen
3%
Hesse21,267Seligenstadt
3%
Rhineland-Palatinate17,630Sinzig
3%
Hesse21,391Stadtallendorf
3%
North Rhine-Westphalia20,283Stadtlohn
3%
Saxony-Anhalt24,923Staßfurt
3%
North Rhine-Westphalia12,528Steinheim
3%
Baden-Württemberg12,139Steinheim an der Murr
3%
Baden-Württemberg17,183Stockach
3%
North Rhine-Westphalia16,257Straelen
3%
North Rhine-Westphalia27,725Sundern
3%
Saxony-Anhalt10,705Tangerhütte
3%
Saxony-Anhalt10,319Tangermünde
3%
Saxony15,745Taucha
3%
Bavaria18,001Taufkirchen
3%
Bavaria10,290Taufkirchen (Vils)
3%
Schleswig-Holstein14,066Tornesch
3%
Bavaria20,931Traunreut
3%
Lower Saxony12,367Twistringen
3%
Schleswig-Holstein18,567Uetersen
3%
Lower Saxony20,276Uetze
3%
Bavaria11,284Unterföhring
3%
Lower Saxony14,115Uslar
3%
Hesse18,207Vellmar
3%
Bavaria16,758Vilshofen an der Donau
3%
Lower Saxony23,048Wallenhorst
3%
Thuringia12,838Waltershausen
3%
Brandenburg23,127Wandlitz
3%
Saxony-Anhalt13,860Wanzleben-Börde
3%
Lower Saxony16,138Wardenburg
3%
Lower Saxony15,946Weener
3%
Baden-Württemberg13,135Wehr
3%
North Rhine-Westphalia12,682Wickede (Ruhr)
3%
Lower Saxony16,162Wiefelstede
3%
North Rhine-Westphalia25,161Wiehl
3%
Lower Saxony13,236Wiesmoor
3%
North Rhine-Westphalia20,963Wipperfürth
3%
Brandenburg14,131Wittstock
3%
North Rhine-Westphalia20,957Wülfrath
3%
Saxony16,209Wurzen
3%
Bavaria13,996Abensberg
2%
Lower Saxony10,524Aerzen
2%
Brandenburg13,843Ahrensfelde
2%
North Rhine-Westphalia13,787Aldenhoven
2%
Hesse12,226Altenstadt
2%
North Rhine-Westphalia15,494Ascheberg
2%
Baden-Württemberg13,502Asperg
2%
North Rhine-Westphalia10,032Augustdorf
2%
Baden-Württemberg10,130Aulendorf
2%
Hesse16,940Babenhausen
2%
Bavaria12,430Bad Abbach
2%
Brandenburg11,141Bad Belzig
2%
North Rhine-Westphalia18,914Bad Berleburg
2%
Hesse14,221Bad Camberg
2%
Saxony-Anhalt11,466Bad Dürrenberg
2%
Lower Saxony15,738Bad Essen
2%
Thuringia10,139Bad Frankenhausen
2%
Brandenburg12,304Bad Freienwalde (Oder)
2%
Baden-Württemberg19,349Bad Friedrichshall
2%
Baden-Württemberg20,377Bad Krozingen
2%
Lower Saxony17,445Bad Münder am Deister
2%
Baden-Württemberg21,557Bad Rappenau
2%
Baden-Württemberg17,508Bad Säckingen
2%
North Rhine-Westphalia12,065Bad Sassendorf
2%
Bavaria12,369Bad Windsheim
2%
Bavaria16,328Bad Wörishofen
2%
Baden-Württemberg14,607Bad Wurzach
2%
Lower Saxony13,039Barßel
2%
Lower Saxony13,788Belm
2%
Rhineland-Palatinate16,888Bendorf
2%
North Rhine-Westphalia18,677Bergneustadt
2%
North Rhine-Westphalia13,103Beverungen
2%
Saarland17,626Bexbach
2%
Hesse13,588Biedenkopf
2%
North Rhine-Westphalia11,597Billerbeck
2%
Baden-Württemberg10,304Birkenfeld
2%
Hesse13,160Bischofsheim
2%
Lower Saxony14,630Bissendorf
2%
Baden-Württemberg12,422Blaubeuren
2%
Baden-Württemberg16,296Blaustein
2%
Saarland20,470Blieskastel
2%
North Rhine-Westphalia15,115Blomberg
2%
Lower Saxony12,687Bohmte
2%
North Rhine-Westphalia18,171Bönen
2%
Hesse10,934Braunfels
2%
Baden-Württemberg15,488Breisach am Rhein
2%
Brandenburg12,193Brieselang
2%
Hesse20,471Bruchköbel
2%
North Rhine-Westphalia15,745Brüggen
2%
Schleswig-Holstein10,466Büdelsdorf
2%
Hesse22,436Büdingen
2%
Bavaria10,123Burgau
2%
Bavaria13,687Burglengenfeld
2%
Saxony10,643Burgstädt
2%
Lower Saxony13,073Cremlingen
2%
Bavaria10,526Dießen am Ammersee
2%
Saxony14,310Dippoldiswalde
2%
North Rhine-Westphalia15,556Drensteinfurt
2%
Baden-Württemberg14,428Eberbach
2%
Baden-Württemberg15,562Ebersbach an der Fils
2%
Saxony11,853Ebersbach-Neugersdorf
2%
Lower Saxony12,435Edemissen
2%
Bavaria13,840Eggenfelden
2%
Thuringia10,849Eisenberg
2%
Baden-Württemberg21,124Eislingen
2%
North Rhine-Westphalia18,749Eitorf
2%
Hesse16,971Eltville am Rhein
2%
Lower Saxony10,199Emsbüren
2%
Lower Saxony12,254Emstek
2%
North Rhine-Westphalia19,298Engelskirchen
2%
North Rhine-Westphalia19,810Ennigerloh
2%
North Rhine-Westphalia12,162Ense
2%
Hesse13,692Eppstein
2%
North Rhine-Westphalia16,065Erwitte
2%
Bavaria10,932Feldkirchen-Westerham
2%
North Rhine-Westphalia16,955Finnentrop
2%
Saxony10,696Flöha
2%
North Rhine-Westphalia17,711Freudenberg
2%
Lower Saxony10,154Friedeburg
2%
Saxony12,443Frohburg
2%
North Rhine-Westphalia20,760Fröndenberg
2%
Lower Saxony14,962Gehrden
2%
Hesse11,634Geisenheim
2%
Baden-Württemberg19,817Gerlingen
2%
Hesse10,558Gernsheim
2%
Hesse16,854Ginsheim-Gustavsburg
2%
Brandenburg12,358Glienicke
2%
Saxony-Anhalt10,488Gommern
2%
Baden-Württemberg10,760Gottmadingen
2%
Bavaria13,766Gräfelfing
2%
Bavaria13,775Grafing b. München
2%
North Rhine-Westphalia14,753Grefrath
2%
Lower Saxony13,982Großefehn
2%
Saxony18,199Großenhain
2%
Bavaria16,365Großostheim
2%
Hesse21,251Groß-Umstadt
2%
Hesse13,612Grünberg
2%
Baden-Württemberg11,683Gundelfingen
2%
Hesse19,382Haiger
2%
North Rhine-Westphalia16,083Halver
2%
Lower Saxony10,422Hambühren
2%
Lower Saxony13,894Harsefeld
2%
Lower Saxony11,379Harsum
2%
Lower Saxony11,016Hasbergen
2%
North Rhine-Westphalia11,943Havixbeck
2%
Lower Saxony18,974Hemmingen
2%
Hesse20,543Herborn
2%
North Rhine-Westphalia16,004Herzebrock-Clarholz
2%
Saxony-Anhalt13,885Hettstedt
2%
Saarland18,062Heusweiler
2%
North Rhine-Westphalia19,705Hiddenhausen
2%
Bavaria13,731Hilpoltstein
2%
Lower Saxony10,388Hilter am Teutoburger Wald
2%
Hesse17,945Hochheim am Main
2%
Saxony14,527Hohenstein-Ernstthal
2%
Brandenburg18,079Hoppegarten
2%
North Rhine-Westphalia20,344Hörstel
2%
North Rhine-Westphalia14,958Hückeswagen
2%
North Rhine-Westphalia13,032Hüllhorst
2%
Hesse16,616Hünfeld
2%
Lower Saxony12,467Ihlow
2%
Bavaria14,314Immenstadt i. Allgäu
2%
North Rhine-Westphalia10,636Isselburg
2%
North Rhine-Westphalia11,977Issum
2%
Saxony-Anhalt14,067Jessen (Elster)
2%
North Rhine-Westphalia13,471Kalletal
2%
Hesse12,503Kaufungen
2%
Hesse17,029Kelsterbach
2%
North Rhine-Westphalia16,119Kierspe
2%
North Rhine-Westphalia16,023Kirchlengern
2%
Brandenburg20,374Kleinmachnow
2%
Bavaria18,532Kolbermoor
2%
Baden-Württemberg19,718Korntal-Münchingen
2%
North Rhine-Westphalia10,719Kranenburg
2%
Schleswig-Holstein11,993Kronshagen
2%
Lower Saxony11,977Krummhörn
2%
Baden-Württemberg15,450Künzelsau
2%
North Rhine-Westphalia19,662Kürten
2%
Baden-Württemberg11,661Ladenburg
2%
Lower Saxony11,285Langelsheim
2%
Baden-Württemberg15,343Langenau
2%
North Rhine-Westphalia14,028Langerwehe
2%
Brandenburg14,336Lauchhammer
2%
Baden-Württemberg14,493Lauda-Königshofen
2%
Baden-Württemberg22,429Laupheim
2%
Hesse13,612Lauterbach (Hessen)
2%
Saarland19,073Lebach
2%
Lower Saxony12,129Lehre
2%
Lower Saxony13,356Lengede
2%
North Rhine-Westphalia16,263Leopoldshöhe
2%
North Rhine-Westphalia10,570Lichtenau
2%
Rhineland-Palatinate11,461Limburgerhof
2%
North Rhine-Westphalia21,315Lindlar
2%
North Rhine-Westphalia12,662Linnich
2%
Hesse14,220Lohfelden
2%
Hesse10,309Lollar
2%
Lower Saxony13,477Löningen
2%
Baden-Württemberg10,964Lorch
2%
Saarland16,038Losheim am See
2%
Bavaria15,163Mainburg
2%
Baden-Württemberg14,799Markgröningen
2%
North Rhine-Westphalia19,540Marsberg
2%
Saxony14,001Meerane
2%
Bavaria11,727Meitingen
2%
North Rhine-Westphalia11,828Mettingen
2%
Saarland11,975Mettlach
2%
Brandenburg13,134Michendorf
2%
Saxony-Anhalt12,930Möckern
2%
North Rhine-Westphalia11,722Möhnesee
2%
Lower Saxony23,567Moormerland
2%
North Rhine-Westphalia14,412Much
2%
Baden-Württemberg19,077Müllheim
2%
Baden-Württemberg14,392Münsingen
2%
Baden-Württemberg13,344Neckargemünd
2%
North Rhine-Westphalia23,081Netphen
2%
Brandenburg18,657Neuenhagen bei Berlin
2%
Lower Saxony10,049Neuenhaus
2%
Baden-Württemberg11,849Neuhausen auf den Fildern
2%
Hesse10,830Neuhof
2%
Bavaria13,997Neutraubling
2%
Lower Saxony21,258Neu Wulmstorf
2%
Hesse17,203Nidda
2%
Hesse20,601Nidderau
2%
North Rhine-Westphalia10,001Nideggen
2%
Hesse14,756Niedernhausen
2%
Hesse11,149Niestetal
2%
Lower Saxony12,027Nordstemmen
2%
North Rhine-Westphalia10,572Nörvenich
2%
Saxony10,513Nossen
2%
Saxony-Anhalt10,256Oberharz am Brocken
2%
Baden-Württemberg20,036Oberkirch
2%
Baden-Württemberg14,077Oberndorf am Neckar
2%
Hesse24,982Obertshausen
2%
Bavaria11,296Ochsenfurt
2%
North Rhine-Westphalia14,967Odenthal
2%
Saxony-Anhalt13,558Oebisfelde-Weferlingen
2%
Saxony10,951Oelsnitz
2%
Saxony10,143Oelsnitz
2%
Saxony-Anhalt11,010Osterwieck
2%
Lower Saxony12,957Ottersberg
2%
Bavaria21,694Ottobrunn
2%
Saarland14,285Ottweiler
2%
Bavaria16,514Penzberg
2%
Hesse16,052Petersberg
2%
Bavaria12,953Pfarrkirchen
2%
Baden-Württemberg13,627Philippsburg
2%
Bavaria11,100Planegg
2%
Bavaria16,041Pocking
2%
Bavaria16,122Poing
2%
Thuringia11,842Pößneck
2%
Bavaria21,417Puchheim
2%
Saarland18,348Püttlingen
2%
North Rhine-Westphalia11,431Raesfeld
2%
North Rhine-Westphalia15,402Rahden
2%
Brandenburg11,369Rangsdorf
2%
Hesse16,312Raunheim
2%
Bavaria16,253Regenstauf
2%
Lower Saxony10,161Rehburg-Loccum
2%
Saxony20,487Reichenbach im Vogtland
2%
Schleswig-Holstein14,372Rellingen
2%
Baden-Württemberg18,487Renningen
2%
Baden-Württemberg20,206Rheinstetten
2%
Hesse23,801Riedstadt
2%
Saarland14,366Riegelsberg
2%
Baden-Württemberg12,060Rielasingen-Worblingen
2%
Lower Saxony14,684Ritterhude
2%
North Rhine-Westphalia13,298Rommerskirchen
2%
Lower Saxony13,672Rosengarten
2%
Baden-Württemberg11,410Salem
2%
North Rhine-Westphalia24,956Salzkotten
2%
Lower Saxony13,701Saterland
2%
North Rhine-Westphalia10,294Schalksmühle
2%
Lower Saxony12,988Scheeßel
2%
North Rhine-Westphalia13,602Schermbeck
2%
Lower Saxony14,339Schiffdorf
2%
Saxony-Anhalt10,926Schkopau
2%
North Rhine-Westphalia13,128Schleiden
2%
Thuringia10,930Schleusingen
2%
Hesse15,894Schlüchtern
2%
Thuringia13,724Schmölln
2%
Saxony13,873Schneeberg
2%
Lower Saxony18,750Schneverdingen
2%
Lower Saxony12,876Schüttorf
2%
Bavaria14,312Schwabmünchen
2%
Saarland17,099Schwalbach
2%
Hesse15,300Schwalbach am Taunus
2%
Hesse16,462Seeheim-Jugenheim
2%
North Rhine-Westphalia10,137Selfkant
2%
North Rhine-Westphalia13,193Sendenhorst
2%
North Rhine-Westphalia15,404Simmerath
2%
North Rhine-Westphalia14,482Spenge
2%
Brandenburg15,373Stahnsdorf
2%
Lower Saxony10,240Steinfeld (Oldenburg)
2%
North Rhine-Westphalia20,614Steinhagen
2%
Lower Saxony11,305Stelle
2%
North Rhine-Westphalia13,020Stemwede
2%
Baden-Württemberg12,945St. Georgen im Schwarzwald
2%
Baden-Württemberg13,766St. Leon-Rot
2%
Schleswig-Holstein16,998Stockelsdorf
2%
Baden-Württemberg24,788Stutensee
2%
Lower Saxony18,319Südbrookmerland
2%
Lower Saxony11,594Südheide
2%
Lower Saxony12,778Sulingen
2%
North Rhine-Westphalia18,749Swisttal
2%
Baden-Württemberg12,731Tamm
2%
Baden-Württemberg19,437Tettnang
2%
Lower Saxony13,818Tostedt
2%
Bavaria12,952Treuchtlingen
2%
Baden-Württemberg16,856Trossingen
2%
North Rhine-Westphalia24,044Übach-Palenberg
2%
Lower Saxony11,817Uplengen
2%
Lower Saxony17,584Vechelde
2%
North Rhine-Westphalia21,603Versmold
2%
Bavaria12,203Vilsbiburg
2%
North Rhine-Westphalia20,485Wachtberg
2%
North Rhine-Westphalia12,654Wadersloh
2%
Baden-Württemberg20,950Waghäusel
2%
North Rhine-Westphalia19,553Waldbröl
2%
Bavaria23,392Waldkraiburg
2%
Baden-Württemberg11,611Walldürn
2%
North Rhine-Westphalia18,630Wassenberg
2%
Hesse12,973Weilburg
2%
North Rhine-Westphalia17,633Weilerswist
2%
Lower Saxony10,412Wendeburg
2%
North Rhine-Westphalia19,609Wenden
2%
Baden-Württemberg16,227Wendlingen am Neckar
2%
Lower Saxony14,017Wennigsen (Deister)
2%
Schleswig-Holstein13,439Wentorf bei Hamburg
2%
Saxony20,623Werdau
2%
North Rhine-Westphalia17,657Werdohl
2%
Lower Saxony10,149Werlte
2%
North Rhine-Westphalia11,150Werther (Westf.)
2%
North Rhine-Westphalia11,241Westerkappeln
2%
Lower Saxony21,210Westoverledingen
2%
Lower Saxony12,336Wietmarschen
2%
Brandenburg10,404Wildau
2%
North Rhine-Westphalia18,730Windeck
2%
Lower Saxony11,421Wittingen
2%
Hesse13,022Wolfhagen
2%
Saxony-Anhalt11,441Wolmirstedt
2%
Brandenburg13,387Zehdenick
2%
Thuringia16,350Zeulenroda-Triebes
2%
Brandenburg11,427Zeuthen
2%
Lower Saxony10,853Adendorf
1%
North Rhine-Westphalia10,327Altenberge
1%
Baden-Württemberg10,834Altensteig
1%
Baden-Württemberg11,302Ammerbuch
1%
Baden-Württemberg10,244Appenweier
1%
Hesse13,682Aßlar
1%
Baden-Württemberg13,292Bad Dürrheim
1%
North Rhine-Westphalia13,504Bad Laasphe
1%
Lower Saxony10,265Bad Lauterberg im Harz
1%
Baden-Württemberg12,913Bad Schönborn
1%
Hesse11,191Bad Schwalbach
1%
Bavaria10,434Bad Staffelstein
1%
Baden-Württemberg12,530Bad Urach
1%
Baden-Württemberg10,202Bad Wildbad
1%
North Rhine-Westphalia12,152Bad Wünnenberg
1%
Baden-Württemberg14,705Baiersbronn
1%
North Rhine-Westphalia11,201Balve
1%
Saarland14,889Beckingen
1%
North Rhine-Westphalia12,955Bedburg-Hau
1%
Baden-Württemberg12,711Besigheim
1%
North Rhine-Westphalia10,623Bestwig
1%
Rhineland-Palatinate10,064Betzdorf
1%
Lower Saxony13,545Beverstedt
1%
Thuringia10,327Bleicherode
1%
Baden-Württemberg10,063Blumberg
1%
Rhineland-Palatinate10,096Bobenheim-Roxheim
1%
Rhineland-Palatinate10,394Böhl-Iggelheim
1%
Baden-Württemberg11,701Bopfingen
1%
North Rhine-Westphalia13,393Borchen
1%
Lower Saxony13,651Bovenden
1%
Baden-Württemberg16,147Brackenheim
1%
Bavaria16,606Bruckmühl
1%
North Rhine-Westphalia14,856Burbach
1%
Bavaria10,504Burgkirchen a.d. Alz
1%
Baden-Württemberg12,206Burladingen
1%
Hesse14,829Büttelborn
1%
Bavaria11,249Cadolzburg
1%
Brandenburg10,019Dallgow-Döberitz
1%
Hesse11,407Dautphetal
1%
Baden-Württemberg11,149Denkendorf
1%
Baden-Württemberg13,624Denzlingen
1%
Bavaria10,521Diedorf
1%
Baden-Württemberg10,627Donzdorf
1%
Baden-Württemberg12,651Dossenheim
1%
North Rhine-Westphalia11,783Drolshagen
1%
Baden-Württemberg12,093Durmersheim
1%
Bavaria14,515Eckental
1%
Baden-Württemberg14,129Edingen-Neckarhausen
1%
Hesse11,489Egelsbach
1%
Baden-Württemberg16,430Eggenstein-Leopoldshafen
1%
Bavaria11,922Eichenau
1%
Baden-Württemberg10,068Endingen am Kaiserstuhl
1%
Baden-Württemberg11,167Eningen unter Achalm
1%
Saarland16,615Eppelborn
1%
Baden-Württemberg15,268Eppelheim
1%
Bavaria12,720Ergolding
1%
Bavaria10,258Erlenbach a. Main
1%
Hesse15,187Erlensee
1%
Bavaria11,999Essenbach
1%
Baden-Württemberg13,369Ettenheim
1%
Hesse10,669Felsberg
1%
Hesse21,659Flörsheim am Main
1%
Brandenburg14,109Fredersdorf-Vogelsdorf
1%
Hesse14,348Freigericht
1%
Lower Saxony13,016Friedland
1%
Baden-Württemberg13,262Friesenheim
1%
Baden-Württemberg12,058Gaildorf
1%
Bavaria12,182Gaimersheim
1%
North Rhine-Westphalia12,576Gangelt
1%
Baden-Württemberg12,593Gärtringen
1%
Lower Saxony11,365Geeste
1%
Baden-Württemberg11,025Gengenbach
1%
Baden-Württemberg14,157Gernsbach
1%
Baden-Württemberg11,585Gerstetten
1%
Bavaria22,451Gersthofen
1%
North Rhine-Westphalia17,254Gescher
1%
Hesse12,264Gladenbach
1%
Bavaria10,010Goldbach
1%
Saxony-Anhalt11,540Gräfenhainichen
1%
Bavaria20,029Gröbenzell
1%
Hesse14,622Groß-Zimmern
1%
Hesse14,619Gründau
1%
Hesse12,528Hadamar
1%
Hesse14,401Hainburg
1%
Bavaria11,094Hallbergmoos
1%
Bavaria11,023Hammelburg
1%
Bavaria11,703Hauzenberg
1%
Baden-Württemberg11,683Heddesheim
1%
Baden-Württemberg11,788Hemsbach
1%
Baden-Württemberg11,126Herbolzheim
1%
Baden-Württemberg13,025Herbrechtingen
1%
Bavaria12,436Hersbruck
1%
Rhineland-Palatinate10,577Herxheim bei Landau
1%
Hesse18,956Heusenstamm
1%
North Rhine-Westphalia14,801Hilchenbach
1%
Baden-Württemberg13,247Holzgerlingen
1%
Bavaria13,240Hösbach
1%
North Rhine-Westphalia16,281Hövelhof
1%
Hesse12,596Hungen
1%
Hesse10,479Hünstetten
1%
Hesse10,840Hüttenberg
1%
Baden-Württemberg10,627Karlsdorf-Neuthard
1%
Bavaria10,251Kaufering
1%
Baden-Württemberg10,340Kenzingen
1%
Baden-Württemberg15,485Kernen im Remstal
1%
Baden-Württemberg12,875Ketsch
1%
Hesse16,290Kirchhain
1%
North Rhine-Westphalia11,485Kirchhundem
1%
Bavaria10,648Kirchseeon
1%
Saarland10,039Kirkel
1%
Saarland10,818Kleinblittersdorf
1%
Brandenburg10,894Kloster Lehnin
1%
Baden-Württemberg14,681Kraichtal
1%
North Rhine-Westphalia17,444Kreuzau
1%
Hesse11,220Kriftel
1%
Bavaria13,522Krumbach (Schwaben)
1%
Hesse16,724Künzell
1%
Baden-Württemberg11,798Laichingen
1%
Hesse14,127Langenselbold
1%
Bavaria10,601Langenzenn
1%
Hesse11,690Langgöns
1%
Lower Saxony14,432Langwedel
1%
Bavaria13,338Lappersdorf
1%
Bavaria11,060Lauingen (Donau)
1%
Baden-Württemberg11,725Leingarten
1%
Bavaria10,048Lenggries
1%
Baden-Württemberg11,897Linkenheim-Hochstetten
1%
Bavaria14,293Maisach
1%
Bavaria12,639Manching
1%
North Rhine-Westphalia13,522Marienheide
1%
Baden-Württemberg14,170Markdorf
1%
Bavaria11,213Marktheidenfeld
1%
Saarland10,009Marpingen
1%
Bavaria11,787Maxhütte-Haidhof
1%
Baden-Württemberg13,639Meckenbeuren
1%
Bavaria14,852Mering
1%
Saxony14,475Mittweida
1%
Baden-Württemberg11,369Möglingen
1%
Hesse10,029Mörlenbach
1%
North Rhine-Westphalia10,138Morsbach
1%
Baden-Württemberg20,455Mössingen
1%
Brandenburg15,308Mühlenbecker Land
1%
Hesse13,844Mühltal
1%
Saxony-Anhalt11,558Muldestausee
1%
Saxony11,057Mülsen
1%
Bavaria10,107Münchberg
1%
Baden-Württemberg14,031Murrhardt
1%
Hesse10,679Nauheim
1%
Hesse14,501Neu-Anspach
1%
Bavaria14,785Neubiberg
1%
North Rhine-Westphalia11,889Neuenrade
1%
Baden-Württemberg10,141Neuenstadt am Kocher
1%
Bavaria22,335Neusäß
1%
North Rhine-Westphalia15,557Niederkrüchten
1%
Rhineland-Palatinate10,143Nieder-Olm
1%
North Rhine-Westphalia14,113Niederzier
1%
Baden-Württemberg12,052Niefern-Öschelbronn
1%
North Rhine-Westphalia10,111Nordkirchen
1%
North Rhine-Westphalia17,001Nümbrecht
1%
Baden-Württemberg11,295Nußloch
1%
Bavaria17,681Oberasbach
1%
Baden-Württemberg11,119Oberderdingen
1%
Baden-Württemberg13,903Obersulm
1%
Saxony10,840Olbernhau
1%
North Rhine-Westphalia14,430Olsberg
1%
North Rhine-Westphalia11,007Ostbevern
1%
Bavaria11,764Osterhofen
1%
Baden-Württemberg12,917Östringen
1%
Brandenburg20,596Panketal
1%
Bavaria12,589Peißenberg
1%
Bavaria11,425Peiting
1%
Baden-Württemberg18,451Pfinztal
1%
Baden-Württemberg18,657Pfullingen
1%
Baden-Württemberg10,377Plankstadt
1%
Hesse18,138Pohlheim
1%
Saarland12,965Quierschied
1%
Bavaria11,472Raubling
1%
Saarland14,349Rehlingen-Siersburg
1%
North Rhine-Westphalia18,600Reichshof
1%
Hesse16,416Reinheim
1%
Hesse10,248Reiskirchen
1%
North Rhine-Westphalia14,888Reken
1%
Baden-Württemberg11,879Remchingen
1%
Baden-Württemberg14,096Remshalden
1%
Baden-Württemberg10,580Riedlingen
1%
Hesse11,197Rodenbach
1%
Bavaria13,169Rödental
1%
Hesse12,565Rosbach v. d. Höhe
1%
Lower Saxony11,883Rosdorf
1%
North Rhine-Westphalia10,754Rosendahl
1%
Hesse12,612Roßdorf
1%
Bavaria10,010Roßtal
1%
Bavaria12,306Röthenbach a.d. Pegnitz
1%
North Rhine-Westphalia10,420Ruppichteroth
1%
Baden-Württemberg10,912Rutesheim
1%
North Rhine-Westphalia10,826Rüthen
1%
Saarland13,242Saarwellingen
1%
Baden-Württemberg18,961Sachsenheim
1%
Saxony-Anhalt11,412Salzatal
1%
Saxony-Anhalt14,310Sandersdorf-Brehna
1%
Hesse10,456Schauenburg
1%
Saarland15,516Schiffweiler
1%
Saarland16,048Schmelz
1%
Hesse11,918Schöneck
1%
Brandenburg12,789Schöneiche bei Berlin
1%
Baden-Württemberg19,573Schopfheim
1%
Brandenburg10,143Schorfheide
1%
Hesse10,073Schotten
1%
Baden-Württemberg21,148Schramberg
1%
Baden-Württemberg11,441Schwaigern
1%
Baden-Württemberg11,390Schwieberdingen
1%
Brandenburg10,705Schwielowsee
1%
Baden-Württemberg11,337Sinzheim
1%
Hesse13,672Solms
1%
Baden-Württemberg13,063Spaichingen
1%
Hesse10,190Steinau an der Straße
1%
Bavaria10,593Stephanskirchen
1%
Baden-Württemberg11,296Straubenhardt
1%
Baden-Württemberg10,159Süßen
1%
Baden-Württemberg12,111Teningen
1%
Saxony-Anhalt12,849Teutschenthal
1%
Saarland12,032Tholey
1%
Bavaria11,295Trostberg
1%
Saarland11,379Überherrn
1%
Baden-Württemberg13,131Ubstadt-Weiher
1%
Baden-Württemberg14,416Uhingen
1%
Hesse14,743Usingen
1%
North Rhine-Westphalia13,107Velen
1%
Bavaria13,630Vöhringen
1%
Hesse12,640Wächtersbach
1%
Baden-Württemberg13,080Waldbronn
1%
Bavaria10,704Waldkirchen
1%
Saxony10,342Weinböhla
1%
Baden-Württemberg12,285Weinsberg
1%
North Rhine-Westphalia11,833Welver
1%
Baden-Württemberg11,170Welzheim
1%
Bavaria15,757Wendelstein
1%
Baden-Württemberg12,303Wernau (Neckar)
1%
Bavaria10,157Werneck
1%
Hesse12,578Wettenberg
1%
Baden-Württemberg10,212Wildberg
1%
Baden-Württemberg10,013Willstätt
1%
North Rhine-Westphalia20,086Wilnsdorf
1%
Saxony14,237Wilsdruff
1%
Saxony11,927Zwönitz
1%
Bavaria10,149Altusried
0%
Saxony11,104Bannewitz
0%
Hesse10,048Biebertal
0%
Saxony-Anhalt10,533Braunsbedra
0%
Baden-Württemberg12,600Bretzfeld
0%
Bavaria11,433Burgthann
0%
Hesse12,879Buseck
0%
Hesse11,023Eichenzell
0%
Bavaria11,473Geisenfeld
0%
Baden-Württemberg14,723Grenzach-Wyhlen
0%
Baden-Württemberg10,735Haigerloch
0%
Bavaria12,380Hirschaid
0%
Bavaria10,880Höhenkirchen-Siegertsbrunn
0%
Saxony10,349Klipphausen
0%
Baden-Württemberg11,703Leutenbach
0%
Saarland10,478Mandelbachtal
0%
Bavaria10,508Markt Indersdorf
0%
Baden-Württemberg10,671Meßstetten
0%
Bavaria11,487Mömbris
0%
Brandenburg11,727Oberkrämer
0%
Hesse10,194Oberzent
0%
Baden-Württemberg12,205Oftersheim
0%
Baden-Württemberg11,348Rudersberg
0%
Baden-Württemberg10,721Schönaich
0%
Baden-Württemberg14,948Schriesheim
0%
Bavaria15,096Stadtbergen
0%
Hesse13,338Trebur
0%
Saarland16,992Wadgassen
0%
Bavaria13,521Weißenhorn
0%
Bavaria11,658Wolnzach
0%

Score Distribution

Percentile by Number Answered

Percent of People with Each Score

Your Score History

You have not taken this quiz